[Event "AUTO-MASTER-2456"]
[Site "http://www.queenalice.com/game.php?id=1451482"]
[Date "2016.11.23"]
[Round "2"]
[White "colognestar"]
[Black "ravenga"]
[Result "0-1"]
[WhiteElo "2315"]
[BlackElo "2262"]

1. d4 Nf6 2. Nc3 d5 3. Bg5 Bf5 4. f4 e6 5. a3 Be7 6. e3 Nbd7 7. Nf3 O-O 8. h3 c5
9. g4 Bg6 10. Ne5 Nxe5 11. fxe5 Ne4 12. Bxe7 Qxe7 13. Nxe4 Bxe4 14. Rg1 Qh4+ 15.
Kd2 cxd4 16. exd4 Qf2+ 17. Be2 Qxd4+ 0-1

[Event "AUTO-MASTER-2456"]
[Site "http://www.queenalice.com/game.php?id=1451483"]
[Date "2016.11.23"]
[Round "2"]
[White "ravenga"]
[Black "colognestar"]
[Result "1-0"]
[WhiteElo "2284"]
[BlackElo "2301"]

1. e4 g6 2. d4 Bg7 3. Nf3 d6 4. Bc4 e6 5. O-O Ne7 6. Bg5 h6 7. Bh4 a6 8. c3 b5
9. Bb3 Bb7 10. Nbd2 Nd7 11. h3 g5 12. Bg3 Nf6 13. e5 dxe5 14. Nxe5 Nf5 15. Bh2
O-O 16. Qe2 Re8 17. f4 gxf4 18. Rxf4 Nd5 19. Rf2 f6 20. Nef3 Rc8 21. Re1 Bf8 22.
Ne4 Qe7 23. g4 Ng7 24. Nc5 c6 25. Nh4 Qf7 26. Ne4 Rcd8 27. Bxd5 exd5 28. Nxf6+
Qxf6 29. Rxf6 1-0

[Event "AUTO-MASTER-2456"]
[Site "http://www.queenalice.com/game.php?id=1451486"]
[Date "2016.11.23"]
[Round "2"]
[White "ravenga"]
[Black "reycas"]
[Result "1-0"]
[WhiteElo "2302"]
[BlackElo "2155"]

1. e4 Nf6 2. e5 Nd5 3. c4 Nb6 4. d4 d6 5. f4 g6 6. Nf3 Bg7 7. Nc3 Bg4 8. Be3 O-O
9. h3 Bxf3 10. Qxf3 Nc6 11. O-O-O e6 12. h4 d5 13. c5 Nd7 14. h5 b6 15. hxg6
hxg6 16. Qh3 Re8 17. Qh7+ Kf8 18. cxb6 axb6 19. f5 gxf5 20. Bh6 Bxh6+ 21. Qxh6+
Ke7 22. Qg5+ f6 23. Qg7# 1-0

[Event "AUTO-MASTER-2456"]
[Site "http://www.queenalice.com/game.php?id=1451487"]
[Date "2016.11.23"]
[Round "2"]
[White "reycas"]
[Black "ravenga"]
[Result "1-0"]
[WhiteElo "2161"]
[BlackElo "2338"]

1. e4 Nf6 2. e5 Nd5 3. c4 Nb6 4. d4 d6 5. f4 dxe5 6. dxe5 Qxd1+ 7. Kxd1 Nc6 8.
Nf3 Bg4 9. Be3 O-O-O+ 10. Nd2 e6 11. Kc2 Nb4+ 12. Kc3 Bf5 13. Nd4 Bg6 14. a3
N4d5+ 15. cxd5 Nxd5+ 16. Kb3 Nxe3 17. N2f3 c5 18. Nb5 a6 19. Nc3 Bc2+ 20. Ka2
Be7 21. Re1 Nd5 22. Nxd5 exd5 23. Rc1 Ba4 24. b3 Bc6 25. Be2 h6 26. h4 Kb8 27.
Rhd1 Ka7 28. h5 b5 29. b4 c4 30. Nd4 Bb7 31. g4 Kb6 32. Nf5 Bf8 33. Kb2 a5 34.
Kc3 Ra8 35. Ra1 g6 36. hxg6 fxg6 37. Nd4 Bc8 38. f5 gxf5 39. gxf5 h5 40. f6 h4
41. Bf3 h3 42. Bxd5 h2 43. Bxa8 Rh3+ 44. Kc2 axb4 45. axb4 Bxb4 46. Bg2 Rc3+ 47.
Kb2 Bg4 48. e6 Rg3 49. Bf3 Bxf3 50. Nxf3 Rxf3 51. e7 Re3 52. Rh1 Bc3+ 53. Ka2
Bxf6 54. Rae1 Rxe7 55. Rxe7 Bxe7 56. Rxh2 b4 57. Rh5 Bc5 58. Rh8 Kb5 59. Rb8+
Bb6 60. Kb2 Kc6 61. Rc8+ Kd5 62. Rb8 Bc5 63. Rd8+ Bd6 64. Kc2 Kc5 65. Rc8+ Kb5
66. Rd8 b3+ 67. Kb1 Bf4 68. Kb2 Be5+ 69. Kb1 Kb4 70. Rg8 c3 71. Rc8 Kb5 72. Kc1
Kb4 73. Rc6 Bd4 74. Rc8 Bc5 75. Rb8+ Kc4 76. Rc8 Kd4 77. Rd8+ Ke3 78. Re8+ Kd3
79. Rc8 Be3+ 80. Kb1 Bd4 81. Kc1 Ke2 82. Rc6 Kd3 83. Rc8 c2 84. Rc3+ 1-0

[Event "AUTO-OPEN-3649"]
[Site "http://www.queenalice.com/game.php?id=1454850"]
[Date "2016.12.14"]
[Round "2"]
[White "miltonloviski"]
[Black "ravenga"]
[Result "1-0"]
[WhiteElo "1998"]
[BlackElo "2333"]

1. e4 Nf6 2. Nc3 d5 3. e5 Ne4 4. Nxe4 dxe4 5. d4 exd3 6. cxd3 Nc6 7. f4 g6 8.
Nf3 Bg7 9. d4 O-O 10. Be3 Bf5 11. a3 Qd5 12. Rc1 Rad8 13. Bc4 Qe4 14. Kf2 e6 15.
Ng5 Rxd4 16. Nxe4 Rxd1 17. Nf6+ Bxf6 18. Rhxd1 a6 19. exf6 e5 20. h3 1-0

[Event "AUTO-OPEN-3649"]
[Site "http://www.queenalice.com/game.php?id=1454851"]
[Date "2016.12.14"]
[Round "2"]
[White "ravenga"]
[Black "miltonloviski"]
[Result "1-0"]
[WhiteElo "2313"]
[BlackElo "2061"]

1. e4 h6 2. Bc4 e5 3. f4 exf4 4. Nf3 d6 5. d4 g5 6. O-O Bg7 7. g3 fxg3 8. Bxf7+
Kxf7 9. Ne5+ Ke7 10. Ng6+ Kd7 11. Rf7+ Kc6 12. d5+ Kb6 13. Be3+ c5 14. dxc6+ Ka6
15. Qd3+ b5 16. a4 gxh2+ 17. Kh1 1-0

[Event "AUTO-OPEN-3649"]
[Site "http://www.queenalice.com/game.php?id=1454856"]
[Date "2016.12.14"]
[Round "2"]
[White "ravenga"]
[Black "JailtonMaster"]
[Result "1-0"]
[WhiteElo "2297"]
[BlackElo "2037"]

1. e4 e5 2. f4 Nc6 3. Nf3 d6 4. Bc4 Nf6 5. d3 exf4 6. Bxf4 Be7 7. O-O O-O 8. c3
a6 9. Bb3 Be6 10. Bc2 Nh5 11. Be3 Nf6 12. d4 d5 13. e5 Nd7 14. Qd3 g6 15. Qd2
Re8 16. Ng5 Bf8 17. Qf2 Qe7 18. Nd2 Bg7 19. h4 Nd8 20. h5 Rf8 21. hxg6 hxg6 22.
Qh4 Re8 23. Qh7+ Kf8 24. Bxg6 f5 25. Bxf5 Bxf5 26. Rxf5+ Nf6 27. Raf1 Ne6 28.
Nxe6+ Qxe6 29. Rxf6+ 1-0

[Event "AUTO-OPEN-3649"]
[Site "http://www.queenalice.com/game.php?id=1454857"]
[Date "2016.12.14"]
[Round "2"]
[White "JailtonMaster"]
[Black "ravenga"]
[Result "0-1"]
[WhiteElo "1986"]
[BlackElo "2317"]

1. d4 Nf6 2. c4 g6 3. Nc3 d5 4. Nf3 Bg7 5. e3 O-O 6. cxd5 Nxd5 7. e4 Nxc3 8.
bxc3 c5 9. Bc4 Nc6 10. Be3 Qa5 11. Qd2 Rd8 12. Rd1 Bg4 13. Be2 Bxf3 14. Bxf3
cxd4 15. cxd4 Qxd2+ 16. Rxd2 Nxd4 17. Bxd4 Rxd4 18. Rxd4 Bxd4 19. O-O e5 20. Rb1
Bb6 21. a4 Rb8 22. Kf1 Bc5 23. Rb5 b6 24. a5 Kf8 25. Bg4 Ke7 26. Ke2 Rf8 27. g3
f5 28. exf5 gxf5 29. Bh5 Kd6 30. axb6 axb6 31. Rb1 Ra8 32. Rb2 e4 33. f3 Ra3 34.
fxe4 fxe4 35. Rd2+ Ke5 36. Bg4 Re3+ 37. Kf1 Ra3 38. Rd7 b5 39. Rxh7 b4 40. Rb7
Kd4 41. Bd1 Ra2 42. h4 Ke3 43. Rc7 Rf2+ 44. Kg1 Bd4 45. Kh1 Rf1+ 0-1

[Event "AUTO-MASTER-2458"]
[Site "http://www.queenalice.com/game.php?id=1458799"]
[Date "2017.1.10"]
[Round "2"]
[White "KLEOJ"]
[Black "ravenga"]
[Result "1-0"]
[WhiteElo "2129"]
[BlackElo "2332"]

1. Nc3 d5 2. e4 d4 3. Nce2 c5 4. Ng3 Nc6 5. Nf3 e5 6. Bb5 Bd6 7. Bxc6+ bxc6 8.
d3 Ne7 9. O-O O-O 10. Ng5 f6 11. Nf3 Be6 12. b3 Qe8 13. Nh4 g5 14. Nf3 h5 15.
Nd2 h4 16. Nh1 Kg7 17. a4 a5 18. Nc4 Bc7 19. Ba3 Bxc4 20. bxc4 Bd6 21. Qg4 Ng6
22. g3 hxg3 23. fxg3 Qc8 24. Qxc8 Rfxc8 25. Rab1 Rab8 26. Nf2 Nf8 27. Ng4 Nd7
28. Kg2 Rxb1 29. Rxb1 Rb8 30. Rf1 Be7 31. h4 gxh4 32. gxh4 Rh8 33. Kg3 Kg6 34.
Rf5 Rh5 35. Rxh5 Kxh5 36. Nh2 f5 37. exf5 Bxh4+ 38. Kf3 Be7 39. Ng4 Kg5 40. f6
Bxf6 41. Bc1+ Kf5 42. Nxf6 Kxf6 43. Ke4 Ke6 44. Bd2 Nb6 45. Bxa5 Nxa4 46. Bc7
Nc3+ 47. Kf3 Na2 48. Ke2 Nb4 49. Kd2 Na6 50. Bb6 Kd6 51. c3 Nb8 52. Bd8 Ke6 53.
Bh4 Kf5 54. Be7 Nd7 55. Bd8 e4 56. dxe4+ Kxe4 57. Be7 Ne5 58. Bxc5 Nxc4+ 59. Kc2
d3+ 60. Kd1 Kd5 61. Bd4 c5 62. Bg7 Nd6 63. Kd2 Ke4 64. Bf8 c4 65. Bxd6 Kf3 66.
Bf8 Kf2 67. Bh6 Kf1 68. Ke3 Ke1 69. Kd4 d2 70. Bxd2+ Kxd2 71. Kxc4 1-0

[Event "AUTO-MASTER-2458"]
[Site "http://www.queenalice.com/game.php?id=1458800"]
[Date "2017.1.10"]
[Round "2"]
[White "ravenga"]
[Black "KLEOJ"]
[Result "1-0"]
[WhiteElo "2338"]
[BlackElo "2209"]

1. e4 Nc6 2. d4 e5 3. d5 Nce7 4. c4 Ng6 5. Nc3 Nf6 6. g4 Bb4 7. Bg2 O-O 8. h4 d6
9. g5 Ng4 10. f3 Nf6 11. gxf6 Qxf6 12. Bg5 1-0

[Event "AUTO-OPEN-3649"]
[Site "http://www.queenalice.com/game.php?id=1463743"]
[Date "2017.2.10"]
[Round "3"]
[White "miltonloviski"]
[Black "ravenga"]
[Result "0-1"]
[WhiteElo "2018"]
[BlackElo "2336"]

1. e4 c5 2. Nf3 d6 3. d4 cxd4 4. Nxd4 Nf6 5. Nc3 a6 6. Bg5 e6 7. Bc4 Be7 8. O-O
Qc7 9. Bb3 Nbd7 10. f4 b5 11. f5 Nc5 12. fxe6 fxe6 13. Bxf6 Bxf6 14. Re1 Qb6 15.
Kh1 O-O 16. Nf3 Nxb3 17. cxb3 Bb7 18. Qd3 Rad8 19. Rad1 Kh8 20. Rd2 g5 21. Qe3
Qxe3 22. Rxe3 g4 23. Ng1 Bg5 24. Rde2 Bxe3 25. Rxe3 d5 26. exd5 exd5 27. Rg3 d4
28. Nce2 d3 29. Nc3 d2 30. Nd1 Rf1 31. Ne3 d1=Q 0-1

[Event "AUTO-OPEN-3649"]
[Site "http://www.queenalice.com/game.php?id=1463744"]
[Date "2017.2.10"]
[Round "3"]
[White "ravenga"]
[Black "miltonloviski"]
[Result "1-0"]
[WhiteElo "2341"]
[BlackElo "1997"]

1. e4 e5 2. f4 exf4 3. Nf3 Bc5 4. d4 Bb6 5. Bc4 g5 6. Ne5 Nh6 7. Qh5 Qf6 8. h4
Bxd4 9. hxg5 Qxe5 10. gxh6 Qxe4+ 11. Kd1 d5 12. Bxd5 Bg4+ 13. Qxg4 Qxd5 14. Qc8+
Ke7 15. Qg4 Bxb2+ 16. Nd2 Bxa1 17. Re1+ Kd6 18. Qxf4+ Be5 19. Rxe5 Nd7 20. Rxd5+
Kxd5 21. Qxf7+ Kc6 22. Qe6+ 1-0

[Event "AUTO-OPEN-3649"]
[Site "http://www.queenalice.com/game.php?id=1463747"]
[Date "2017.2.10"]
[Round "3"]
[White "ravenga"]
[Black "jacconsultoria"]
[Result "0-1"]
[WhiteElo "2339"]
[BlackElo "2650"]

1. e4 c6 2. d4 d5 3. Nc3 dxe4 4. Nxe4 Bf5 5. Ng3 Bg6 6. h4 h6 7. h5 Bh7 8. Nf3
Nf6 9. Bd3 Bxd3 10. Qxd3 e6 11. Bd2 Bd6 12. Ne4 Nxe4 13. Qxe4 Nd7 14. O-O-O Nf6
15. Qh4 O-O 16. g4 Ne4 17. g5 Nxd2 18. Rxd2 hxg5 19. Nxg5 Qf6 20. Ne4 Qxh4 21.
Rxh4 Be7 22. Rh3 f5 23. Nc5 Bg5 24. Nxe6 Bxd2+ 25. Kxd2 Rf6 26. Nf4 Re8 27. Rd3
Re4 28. Ng6 Rfe6 29. Kc3 Rd6 30. Rf3 Rd5 31. Kb3 f4 32. c3 Rxh5 33. Rxf4 Rb5+
34. Kc2 Rxf4 35. Nxf4 Rf5 36. Nd3 Kf8 37. Kd2 Ke7 38. Ke3 Rh5 39. Nc5 b6 40. Nd3
Kd6 41. Nf4 Rh1 42. Nd3 a5 43. Kd2 Kd5 44. Ke3 g5 0-1

[Event "AUTO-OPEN-3649"]
[Site "http://www.queenalice.com/game.php?id=1463748"]
[Date "2017.2.10"]
[Round "3"]
[White "jacconsultoria"]
[Black "ravenga"]
[Result "1-0"]
[WhiteElo "2611"]
[BlackElo "2343"]

1. d4 Nf6 2. Nf3 g6 3. Bf4 Bg7 4. e3 c5 5. c3 Qb6 6. Na3 d5 7. Nb5 Na6 8. dxc5
Qxc5 9. Be5 Bd7 10. Bd4 Qc8 11. Nxa7 Rxa7 12. Bxa7 O-O 13. Bd4 e6 14. Ne5 Nc5
15. Nxd7 Ncxd7 16. f4 Nc5 17. Be2 Nce4 18. O-O Qc6 19. a4 Ra8 20. Bb5 Qc8 21.
Rc1 Qd8 22. Re1 h5 23. c4 Qa5 24. cxd5 exd5 25. Re2 Rd8 26. Rec2 Ng4 27. h3 Bxd4
28. Qxd4 Ngf6 29. Rc8 h4 30. b4 1-0

[Event "AUTO-ELITE-1736"]
[Site "http://www.queenalice.com/game.php?id=1467315"]
[Date "2017.3.4"]
[Round "2"]
[White "StenioVS"]
[Black "ravenga"]
[Result "0-1"]
[WhiteElo "2280"]
[BlackElo "2323"]

1. d4 Nf6 2. c4 g6 3. Nc3 d5 4. Nf3 Bg7 5. e3 O-O 6. Be2 dxc4 7. Bxc4 c5 8. O-O
cxd4 9. exd4 Nc6 10. h3 Qa5 11. a3 Qh5 12. Ne5 Qxd1 13. Rxd1 Nd7 14. Bf4 Ndxe5
15. dxe5 Nxe5 16. Bb3 Nc6 17. Bd5 Bf5 0-1

[Event "AUTO-ELITE-1736"]
[Site "http://www.queenalice.com/game.php?id=1467316"]
[Date "2017.3.4"]
[Round "2"]
[White "ravenga"]
[Black "StenioVS"]
[Result "1-0"]
[WhiteElo "2314"]
[BlackElo "2259"]

1. e4 c5 2. Nf3 e6 3. d4 cxd4 4. Nxd4 Nc6 5. Nb5 d6 6. c4 a6 7. N5c3 Qc7 8. Be3
Nf6 9. Nd2 Be7 10. Be2 O-O 11. O-O Rd8 12. Qb3 Na5 13. Qb6 Qxb6 14. Bxb6 Nc6 15.
Bxd8 Bxd8 16. f3 Nd4 17. Bd1 b5 18. cxb5 axb5 19. Nb3 Bb6 20. Kh1 Bb7 21. Nxd4
Bxd4 22. Nxb5 Bxb2 23. Rb1 Rxa2 24. Nxd6 Ba6 25. Rf2 1-0

[Event "AUTO-OPEN-3644"]
[Site "http://www.queenalice.com/game.php?id=1471670"]
[Date "2017.4.3"]
[Round "2"]
[White "ravenga"]
[Black "jacconsultoria"]
[Result "0-1"]
[WhiteElo "2324"]
[BlackElo "2655"]

1. c4 Nf6 2. Nc3 c5 3. g3 Nc6 4. Bg2 g6 5. Nf3 Bg7 6. O-O O-O 7. d4 cxd4 8. Nxd4
Nxd4 9. Qxd4 d6 10. Qh4 Be6 11. Bxb7 Rb8 12. Bd5 Nxd5 13. Nxd5 Re8 14. Rb1 Bxd5
15. cxd5 Qa5 16. Bg5 Qxd5 17. Bxe7 Rxb2 0-1

[Event "AUTO-OPEN-3644"]
[Site "http://www.queenalice.com/game.php?id=1471671"]
[Date "2017.4.3"]
[Round "2"]
[White "jacconsultoria"]
[Black "ravenga"]
[Result "1-0"]
[WhiteElo "2655"]
[BlackElo "2334"]

1. c4 Nf6 2. Nc3 c5 3. g3 Nc6 4. Bg2 g6 5. Nf3 Bg7 6. O-O O-O 7. d4 cxd4 8. Nxd4
Nxd4 9. Qxd4 d6 10. Qh4 Be6 11. Bxb7 Rb8 12. Bf3 Bxc4 13. Qxc4 1-0